| 000 | 01722cam a2200337 i 4500 | ||
|---|---|---|---|
| 999 |
_c197 _d197 |
||
| 001 | (Sirsi) a917148 | ||
| 003 | OSt | ||
| 005 | 20190731105458.0 | ||
| 008 | 151230r20152014nyu d 000 1 eng d | ||
| 020 |
_a9780142424513 _q(paperback) : |
||
| 020 |
_a014242451X _q(paperback) : |
||
| 040 |
_aDLC _beng _cDLC _dDLC _dTAE _erda |
||
| 042 | _anbic | ||
| 082 | 0 | _aFIC COS | |
| 100 | 1 |
_aCosimano, Elle, _eauthor. |
|
| 245 | 1 | 0 |
_aNearly gone / _cElle Cosimano. |
| 260 | _c2015. | ||
| 264 | 1 |
_aNew York : _bSpeak, _c2015. |
|
| 264 | 4 | _c©2014. | |
| 300 |
_a386, 26 pages ; _c21 cm. |
||
| 336 |
_atext _btxt _2rdacontent. |
||
| 337 |
_aunmediated _bn _2rdamedia. |
||
| 338 |
_avolume _bnc _2rdacarrier. |
||
| 520 | _aNearly Boswell knows how to keep secrets. Living in a DC trailer park, she knows better than to share anything that would make her a target with her classmates. Like her mother's job as an exotic dancer, her obsession with the personal ads, and especially the emotions she can taste when she brushes against someone's skin. But when a serial killer goes on a killing spree and starts attacking students, leaving cryptic ads in the newspaper that only Nearly can decipher, she confides in the one person she shouldn't trust: the new guy at school--a reformed bad boy working undercover for the police, doing surveillance. . . on her. Nearly might be the one person who can put all the clues together, and if she doesn't figure it all out soon--she'll be next. | ||
| 521 | 1 | _aAges 13-18. | |
| 650 | 0 |
_aCriminal investigation _vJuvenile fiction. |
|
| 650 | 0 |
_aSerial murderers _vJuvenile fiction. |
|
| 650 | 0 |
_aMathematics _vJuvenile fiction. |
|
| 655 | 0 | _aMystery and detective stories. | |
| 942 |
_2ddc _cFIC |
||